000 00966cam a22002174a 4500
005 20250605164130.0
008 250528s ||||||||||||||||||||||||d
035 _a18623
020 _a500274967
040 _aGR-AtMCL
_bgre
_dGR-AtMCL
_eAACR2
245 1 _aThe Graphic Language of Neville Brody 1 / With 474 Illustrations, 101 in Full Colour
260 _c1988
300 _a160
505 0 _aIntroduction, Typography, Music, Fetish Records, Cabaret Voltaire, General, 23 Skidoo, Books, Magazines, The Face, New Socialist, City Limits, Arena, Vive, Posters, Language, Bibliography, Acknowledgements.
520 _aIntroduction, Typography, Music, Fetish Records, Cabaret Voltaire, General, 23 Skidoo, Books, Magazines, The Face, New Socialist, City Limits, Arena, Vive, Posters, Language, Bibliography, Acknowledgements.
700 1 _aThames And Hudson
_92417
700 1 _aWozencroft Jon
_94889
942 _cBK
999 _c3971
_d3971